Matagalpa /

Uloženo v:
Podrobná bibliografie
Korporace: Nicaragua. Ministerio de Desarrollo Agropecuario y Reforma Agraria. Centro de Investigaciones y Estudios para la Reforma Agraria, MIDINRA
Médium: Text
Vydáno: Managua: Centro de Investigaciones y Estudios para la Reforma Agraria
Tagy: Přidat tag
Žádné tagy, Buďte první, kdo vytvoří štítek k tomuto záznamu!

MARC

LEADER 00000 a a2200000 04500
001 20831
003
040
090 |a 089100  
110 |a Nicaragua. Ministerio de Desarrollo Agropecuario y Reforma Agraria. Centro de Investigaciones y Estudios para la Reforma Agraria  
245 |a Matagalpa /  |c Nicaragua. Ministerio de Desarrollo Agropecuario y Reforma Agraria. Centro de Investigaciones y Estudios para la Reforma Agraria  
260 |a Managua:   |b Centro de Investigaciones y Estudios para la Reforma Agraria  
300 |a 235 p.; v. II  
710 |a MIDINRA  
999 |c 3493  |d 3493